| 000 | 00958nam a22002537a 4500 | ||
|---|---|---|---|
| 005 | 20170124103133.0 | ||
| 010 | _aB-075048 | ||
| 020 |
_c175.00 _a8170559316 |
||
| 035 | _aB-075048 | ||
| 037 | _bCen Lib/Ret | ||
| 040 |
_aDPL _bHN |
||
| 082 |
_a821 _bदुबेवि |
||
| 100 |
_aदुबे, विनय _984755 |
||
| 245 |
_aदो एकम दो / _c विनय दुबे |
||
| 246 |
_aDo ekam do _bby Vinay Dubey |
||
| 260 |
_aनई दिल्ली _bवाणी प्रकाशन _c2002 |
||
| 270 |
_a21ए- दरिया गंज _bनई दिल्ली _e110002 |
||
| 300 |
_a160पृष्ठ. _c21सेमी(सजिल्द) |
||
| 650 |
_aहिंदी साहित्य _984756 |
||
| 650 |
_aहिंदी काव्य नाटक _943622 |
||
| 650 |
_ahindi literature _984757 |
||
| 650 |
_aHindi poetic drama _984758 |
||
| 942 |
_2ddc _cHN _h821 _mदुबेवि |
||
| 999 |
_c119410 _d119410 |
||